[Event "LTU-chT 0708 Relegation"]
[Site "Plunge"]
[Date "2008.04.06"]
[Round "1.2"]
[White "Petrauskas, Saulius"]
[Black "Baliasnyj, Timur"]
[Result "0-1"]
[WhiteElo "2039"]
[BlackElo "2232"]
[PlyCount "56"]
[EventDate "2008.04.06"]
[EventType "team-match"]
[EventRounds "1"]
[EventCountry "LTU"]
[SourceTitle "EXT 2022"]
[Source "ChessBase"]
[SourceDate "2021.10.06"]
[SourceVersion "1"]
[SourceVersionDate "2021.10.06"]
[SourceQuality "1"]
[WhiteTeam "Plunge Bokstas II"]
[BlackTeam "Maccabi Baltic"]
[WhiteTeamCountry "LTU"]
[BlackTeamCountry "LTU"]

1. e4 Nf6 2. e5 Nd5 3. d4 d6 4. Bc4 e6 5. Qe2 dxe5 6. dxe5 Bb4+ 7. c3 Be7 8. Nf3 0-0 9. 0-0 b6 10. Nbd2 Bb7 11. Ne4 Nd7 12. Rd1 Qc8 13. Bg5 Bxg5 14. Nexg5 h6 15. Qe4 N5f6 16. Qc2 Nxe5 17. Nxe5 hxg5 18. Qc1 g4 19. Qg5 Rd8 20. Bb3 Rxd1+ 21. Rxd1 Qe8 22. Rd4 Qb5 23. Nxf7 Qe2 24. Nh6+ Kh7 25. h4 Qe1+ 26. Kh2 Qxf2 27. Rd2 g3+ 28. Kh3 Bxg2# 0-1

[Event "Plunge-ch"]
[Site "Plunge"]
[Date "2008.04.04"]
[Round "10.6"]
[White "Rutkus, Marius"]
[Black "Petrauskas, Saulius"]
[Result "1/2-1/2"]
[WhiteElo "1815"]
[BlackElo "1993"]
[PlyCount "108"]
[EventDate "2008.01.20"]
[EventType "tourn"]
[EventRounds "11"]
[EventCountry "LTU"]
[SourceTitle "EXT 2023"]
[Source "ChessBase"]
[SourceDate "2022.10.05"]
[SourceVersion "1"]
[SourceVersionDate "2022.10.05"]
[SourceQuality "1"]

1. d4 d5 2. c4 e6 3. Nc3 Nf6 4. Bg5 Be7 5. Nf3 Nbd7 6. e3 0-0 7. c5 c6 8. Bd3 Re8 9. 0-0 e5 10. dxe5 Ng4 11. Bxe7 Qxe7 12. b4 Ngxe5 13. a3 Nxf3+ 14. Qxf3 Ne5 15. Qe2 a5 16. h3 Qh4 17. f4 Nxd3 18. Qxd3 g6 19. b5 Bf5 20. Qd4 Re6 21. bxc6 bxc6 22. Kh2 Rae8 23. Rae1 h5 24. Re2 g5 25. Rf3 g4 26. Rg3 Rg6 27. e4 gxh3 28. Rxg6+ Bxg6 29. g3 Qg4 30. Re3 h4 31. exd5 Rb8 32. Ne2 cxd5 33. Qxd5 hxg3+ 34. Nxg3 Rb2+ 35. Kh1 Qxf4 36. Rf3 Qc1+ 37. Rf1 Qd2 38. Qxd2 Rxd2 39. Rc1 Rd7 40. Kh2 Kf8 41. Kxh3 Ke7 42. c6 Rc7 43. Rc5 a4 44. Rc4 Kd6 45. Rxa4 Rxc6 46. Kg4 Bc2 47. Ra7 Ke6 48. Nf1 f5+ 49. Kg3 Rc3+ 50. Kf2 f4 51. Ra5 Be4 52. Ra4 Bc6 53. Ra5 Rc2+ 54. Ke1 Kd6 1/2-1/2

[Event "LTU-chT2 0708"]
[Site "Lithuania"]
[Date "2008.03.16"]
[Round "9.2"]
[White "Ermalis, Rytis"]
[Black "Petrauskas, Saulius"]
[Result "1/2-1/2"]
[WhiteElo "2039"]
[BlackElo "1987"]
[PlyCount "53"]
[EventDate "2007.09.27"]
[EventType "team-tourn"]
[EventRounds "9"]
[EventCountry "LTU"]
[SourceTitle "EXT 2022"]
[Source "ChessBase"]
[SourceDate "2021.10.06"]
[SourceVersion "1"]
[SourceVersionDate "2021.10.06"]
[SourceQuality "1"]

1. d4 d5 2. c4 e5 3. dxe5 d4 4. e3 Bb4+ 5. Bd2 dxe3 6. fxe3 Bxd2+ 7. Qxd2 Qe7 8. Nc3 c6 9. 0-0-0 Bf5 10. Qd6 Nd7 11. Nf3 h5 12. h3 Rh6 13. Qc7 Nc5 14. Qxe7+ Nxe7 15. Be2 Rd8 16. Rd4 Ne6 17. Rxd8+ Kxd8 18. Rd1+ Kc7 19. Nd4 Bg6 20. Nxe6+ fxe6 21. g4 Rh8 22. Rg1 h4 23. Rf1 Rd8 24. Rf4 Be8 25. Rf8 Bg6 26. Rf4 Be8 27. Rf8 1/2-1/2

[Event "LTU-chT2 0708"]
[Site "Lithuania"]
[Date "2008.03.15"]
[Round "8.2"]
[White "Petrauskas, Saulius"]
[Black "Bitinas, Audrius"]
[Result "1-0"]
[WhiteElo "1987"]
[BlackElo "2181"]
[PlyCount "110"]
[EventDate "2007.09.27"]
[EventType "team-tourn"]
[EventRounds "9"]
[EventCountry "LTU"]
[SourceTitle "EXT 2022"]
[Source "ChessBase"]
[SourceDate "2021.10.06"]
[SourceVersion "1"]
[SourceVersionDate "2021.10.06"]
[SourceQuality "1"]

1. e4 Nc6 2. d4 d5 3. exd5 Qxd5 4. Nf3 Bg4 5. Be2 0-0-0 6. Nc3 Qa5 7. d5 e6 8. 0-0 exd5 9. Ng5 Bxe2 10. Qxe2 Nh6 11. Rd1 Bc5 12. Bd2 Rhe8 13. Qh5 Qb6 14. Nh3 Re5 15. Qh4 Qb4 16. Nf4 f5 17. Qg3 Ng4 18. Nd3 Qa5 19. h3 Nxf2 20. Nxf2 Qb6 21. Na4 Bxf2+ 22. Qxf2 Qxf2+ 23. Kxf2 d4 24. Re1 Red5 25. b3 Ne5 26. Nb2 a6 27. Bf4 Nf7 28. Re7 R5d7 29. Rae1 g5 30. Bh2 f4 31. g3 fxg3+ 32. Bxg3 Rf8 33. Kg2 Nd6 34. Bxd6 Rxd6 35. Rxh7 Rdf6 36. Nd3 Rc6 37. Re2 b6 38. Nb4 Rc5 39. Rh6 a5 40. Nd3 Rff5 41. Rh7 Rf6 42. Re8+ Kb7 43. Rd7 Rfc6 44. Re2 a4 45. Rxd4 axb3 46. axb3 Ra5 47. Rde4 Ra1 48. Re5 Rg6 49. Re6 Rg7 50. Re7 Rg8 51. R2e4 Rd1 52. Rc4 Rc8 53. Rg7 b5 54. Rc5 Kb6 55. Rgxg5 b4 1-0

[Event "Plunge-ch"]
[Site "Plunge"]
[Date "2008.02.24"]
[Round "6.4"]
[White "Zalimaite, Ieva"]
[Black "Petrauskas, Saulius"]
[Result "0-1"]
[WhiteElo "1889"]
[BlackElo "1993"]
[PlyCount "70"]
[EventDate "2008.01.20"]
[EventType "tourn"]
[EventRounds "11"]
[EventCountry "LTU"]
[SourceTitle "EXT 2023"]
[Source "ChessBase"]
[SourceDate "2022.10.05"]
[SourceVersion "1"]
[SourceVersionDate "2022.10.05"]
[SourceQuality "1"]

1. c4 e6 2. g3 d5 3. Bg2 Nf6 4. Nf3 Be7 5. 0-0 0-0 6. b3 c5 7. cxd5 exd5 8. d4 Be6 9. dxc5 Nc6 10. Ba3 Ne4 11. Qc2 Bf6 12. Bb2 Rc8 13. a3 Nxc5 14. Nbd2 Na5 15. Bxf6 Qxf6 16. Qd1 Ne4 17. b4 Nc3 18. Qe1 Nc4 19. Nb3 Rc7 20. Nfd4 Nd6 21. Rc1 Rfc8 22. e3 b6 23. f3 Ncb5 24. Rxc7 Rxc7 25. a4 Nxd4 26. Nxd4 Nf5 27. Nxf5 Qxf5 28. e4 dxe4 29. fxe4 Qe5 30. Qd2 Rd7 31. Qf4 Qd4+ 32. Kh1 Qxb4 33. Rc1 h6 34. e5 Qxf4 35. gxf4 Rd4 0-1

[Event "Plunge-ch"]
[Site "Plunge"]
[Date "2008.02.10"]
[Round "4.3"]
[White "Vasylius, Kestutis"]
[Black "Petrauskas, Saulius"]
[Result "1/2-1/2"]
[WhiteElo "2070"]
[BlackElo "1993"]
[PlyCount "77"]
[EventDate "2008.01.20"]
[EventType "tourn"]
[EventRounds "11"]
[EventCountry "LTU"]
[SourceTitle "EXT 2023"]
[Source "ChessBase"]
[SourceDate "2022.10.05"]
[SourceVersion "1"]
[SourceVersionDate "2022.10.05"]
[SourceQuality "1"]

1. e4 e6 2. d4 d5 3. Nc3 Bb4 4. e5 c5 5. a3 Bxc3+ 6. bxc3 Qc7 7. Nf3 Ne7 8. Bd3 Bd7 9. a4 Nbc6 10. Ba3 cxd4 11. cxd4 Nxd4 12. 0-0 Nxf3+ 13. Qxf3 Qxe5 14. c4 Bc6 15. Rfe1 Qf6 16. Qh3 h6 17. cxd5 Nxd5 18. Bb5 Rc8 19. Bxc6+ Rxc6 20. Qb3 Rb6 21. Qc4 Qc3 22. Qh4 Qc7 23. Qd4 Qc3 24. Qh4 Kd7 25. Red1 g5 26. Qg4 f5 27. Qh5 Qf6 28. Bc5 Rc6 29. Bd4 e5 30. Bxa7 Ke6 31. Qf3 Rd8 32. Qb3 Rd7 33. a5 Qe7 34. Qh3 Qf8 35. Qd3 Rc3 36. Qb5 Qa8 37. Bb6 Qa6 38. Rxd5 Rxd5 39. Qe8+ 1/2-1/2

[Event "LTU-chT2 0708"]
[Site "Lithuania"]
[Date "2008.01.20"]
[Round "6.32"]
[White "Petrauskas, Saulius"]
[Black "Sakinis, Robertas"]
[Result "1-0"]
[WhiteElo "1987"]
[BlackElo "2040"]
[PlyCount "69"]
[EventDate "2007.09.27"]
[EventType "team-tourn"]
[EventRounds "9"]
[EventCountry "LTU"]
[SourceTitle "EXT 2022"]
[Source "ChessBase"]
[SourceDate "2021.10.06"]
[SourceVersion "1"]
[SourceVersionDate "2021.10.06"]
[SourceQuality "1"]

1. e4 d5 2. exd5 Nf6 3. d4 Nxd5 4. c4 Nb6 5. Nc3 g6 6. Be3 Bg7 7. Be2 e5 8. Nf3 Nc6 9. Nxe5 Nxe5 10. dxe5 Qxd1+ 11. Rxd1 Bxe5 12. Bd4 Bxd4 13. Rxd4 0-0 14. 0-0 c5 15. Rd2 Re8 16. Rfd1 a6 17. f4 Bf5 18. Kf2 Be4 19. b3 Bc6 20. Bf3 Bxf3 21. Kxf3 Rac8 22. Rd6 Na8 23. Ne4 Rf8 24. Rd7 b6 25. R1d6 h6 26. g4 Kg7 27. f5 gxf5 28. gxf5 Rce8 29. Rg6+ Kh8 30. Rxh6+ Kg7 31. Rg6+ Kh8 32. Rgd6 Kg7 33. Ng5 Kg8 34. Rf6 b5 35. Nxf7 1-0

[Event "Plunge op-B 28th"]
[Site "Plunge"]
[Date "2007.07.21"]
[Round "8.1"]
[White "Asauskas, Mindaugas"]
[Black "Petrauskas, Saulius"]
[Result "1/2-1/2"]
[WhiteElo "1938"]
[BlackElo "1987"]
[PlyCount "58"]
[EventDate "2007.07.16"]
[EventType "swiss"]
[EventRounds "9"]
[EventCountry "LTU"]
[SourceTitle "EXT 2024"]
[Source "ChessBase"]
[SourceDate "2023.10.10"]
[SourceVersion "1"]
[SourceVersionDate "2023.10.10"]
[SourceQuality "1"]

1. e4 c6 2. d4 d5 3. Nc3 dxe4 4. Nxe4 Nf6 5. Ng3 Nbd7 6. Nf3 e6 7. Bd3 Bd6 8. 0-0 0-0 9. Bg5 Qc7 10. c4 c5 11. Rc1 Bf4 12. Bxf4 Qxf4 13. b3 b6 14. Ne2 Qc7 15. Nc3 Bb7 16. Re1 Qf4 17. Ne2 Qc7 18. Nc3 cxd4 19. Nb5 Qf4 20. Be2 Nc5 21. Qxd4 Nce4 22. h3 Rfd8 23. Qe5 Qxe5 24. Nxe5 a6 25. Nc3 Nxc3 26. Rxc3 Rd2 27. a3 Rad8 28. b4 Ne4 29. Re3 f6 1/2-1/2

[Event "LTU-ch U20"]
[Site "Vilnius"]
[Date "2007.01.30"]
[Round "2"]
[White "Labeckas, Kestutis"]
[Black "Petrauskas, Saulius"]
[Result "1/2-1/2"]
[WhiteElo "2221"]
[BlackElo "1984"]
[PlyCount "76"]
[EventDate "2007.01.29"]
[EventType "swiss"]
[EventRounds "9"]
[EventCountry "LTU"]
[SourceTitle "EXT 2010"]
[Source "ChessBase"]
[SourceDate "2010.11.25"]
[SourceVersion "1"]
[SourceVersionDate "2010.11.25"]
[SourceQuality "1"]

1. d4 d5 2. c4 e6 3. Nc3 Nf6 4. Bg5 Be7 5. e3 0-0 6. cxd5 exd5 7. Bd3 c6 8. Qc2 Nbd7 9. Nge2 Re8 10. 0-0 Nf8 11. f3 Nh5 12. Bxe7 Rxe7 13. Qd2 g6 14. e4 Ng7 15. Rad1 h5 16. Bc2 Be6 17. Nf4 Rd7 18. exd5 Bxd5 19. Nfxd5 cxd5 20. f4 f5 21. Rfe1 Kh7 22. Re5 Nfe6 23. Bb3 Nc7 24. Rde1 a6 25. Qf2 Nge8 26. g4 hxg4 27. Re7+ Kg8 28. Rxd7 Qxd7 29. Qh4 Qd6 30. Re7 Kf8 31. Re5 Qf6 32. Qe1 Rd8 33. Nxd5 Nxd5 34. Bxd5 Qb6 35. Qc3 Nc7 36. Qc4 Nxd5 37. Rxd5 Rxd5 38. Qxd5 Qxb2 1/2-1/2